00525nam a22001812 4500001001100000005001700011008004100028020001700069040001500086245005200101250001300153260003100166300001800197650004100215650005300256700003100309852000300340000002437720151217154510.0130910s xx 000 0 eng d a0199549634 : aKABUcKABU10aMedical microbiology /cedited by Michael Ford. a1st ed. aOxford :bO. U. P.,c2010. axvii, 365 p. 0aMicrobiologyxTechnique.@0000184414 0aMicrobiological techniquesxMethods.@00001844151 aFord, Michael.@00001844161